مكتبة جامعة عجلون الوطنية

فهرس بحث المكتبة

Normal view MARC view
  • مجدلاوي، محمد عيسى

Entry Personal Name

Number of records used in: 1

001 - CONTROL NUMBER

  • control field: 64528

003 - CONTROL NUMBER IDENTIFIER

  • control field: JO-AjAnu

005 - DATE AND TIME OF LATEST TRANSACTION

  • control field: 20231128120912.0

008 - FIXED-LENGTH DATA ELEMENTS

  • fixed length control field: 231128|| aca||aabn | a|a d

040 ## - CATALOGING SOURCE

  • Original cataloging agency: JO-AjAnu

100 ## - HEADING--PERSONAL NAME

  • Linkage: مجدلاوي، محمد عيسى
  • Personal name: مجدلاوي، محمد عيسى